Plant transformation vectors (Record no. 75445)

MARC details
000 -LEADER
fixed length control field 00503nam a22001097a 4500
100 ## - MAIN ENTRY--AUTHOR NAME
Personal name Jayashree, R.
245 ## - TITLE STATEMENT
Title Plant transformation vectors
260 ## - PUBLICATION, DISTRIBUTION, ETC. (IMPRINT)
Name of publisher Plant transformation vectors. In: Recent Advances in Molecular Biology and Biotechnology: DBT Skill Vigyan State Partnership Programme Faculty Training 2024. (Comp. C. Bindu Roy). 6-19 March 2024, Rubber Research Institute of India, Kottayam, India, pp. 17-22. Lab Manual
650 ## - SUBJECT ADDED ENTRY--TOPICAL TERM
Topical Term Cloning vectors
650 ## - SUBJECT ADDED ENTRY--TOPICAL TERM
Topical Term Reporter vectors
942 ## - ADDED ENTRY ELEMENTS (KOHA)
Koha item type Articles
Holdings
Withdrawn status Lost status Damaged status Not for loan Home library Current library Date acquired Koha item type
        RRII Library RRII Library 20/03/2025 Articles